Memórias do rio Degebe (Registo nº 198058)

Detalhes MARC
000 -Etiqueta do registo
Valores 00605nam 22002053 4500
021 ## - Número do Depósito Legal
Código do país Portugal
Número 551501/25
100 ## - Dados gerais de processamento
Dados gerais 20250923d u||y0pory50 ba
200 ## - Titulo e menção de responsabilidade
Título próprio Memórias do rio Degebe
Informação de outro título dos moinhos e das sua gentes
210 ## - Publicação
Local de publicação [S.l.]
Nome do editor Associação de Solidariedade Social dos Professores
Data de publicação 2022
215 ## - Descrição física 
Paginação / Volumes 107 p.
Outras indicações físicas fot. ; encadernado
Dimensões 24 cm
606 ## - Nome comum usado como assunto
ID Autoridade 3857
Palavra de ordem História
610 ## - Termos não controlados
Palavra de ordem Rio Degebe
610 ## - Termos não controlados
Palavra de ordem Moinhos--[Alentejo]
675 ## - CDU
Notação 94(469.512)
Edição PT
Língua por
675 ## - CDU
Notação 725.4(469.512)
Edição PT
Língua por
801 ## - Fonte de origem
País PT
Agência BMMN
Regras de catalogação RPC
830 ## - Notas gerais do catalogador
Criado por Ana
Indexado por Ana
990 ## - Elementos KOHA
Tipo de documento Livro
Exemplares
Situação do levantamento Biblioteca de origem Código de barras Cota Permissão de empréstimo Tipo de documento Forma de aquisição
  Biblioteca Municipal de Montemor-o-Novo 26265 94(469.512) MEM|FLR   Livro Oferta

Powered by Koha